000 00364nam a22001577a 4500
003 OSt
020 _a9781032965116
082 _a005.7
_bBAB
100 _aBANAFA, Ahmed
245 _aBlockchain Technology and Application
250 _aSpecial Indian Ed.
260 _aNew York,
_bRoutledge:
_c2025.
300 _axii,154p.
650 _aMCA
942 _2ddc
_cBK
999 _c13122
_d13122